Network analysis and troubleshooting
Shranjeno v:
| Glavni avtor: | |
|---|---|
| Format: | Knjiga |
| Jezik: | Undetermined |
| Izdano: |
Reading, MA
Addison-Wesley
2000
|
| Teme: | |
| Oznake: |
Označite
Brez oznak, prvi označite!
|
| Thư viện lưu trữ: | Trung tâm Học liệu Trường Đại học Cần Thơ |
|---|
| LEADER | 00530nam a2200181Ia 4500 | ||
|---|---|---|---|
| 001 | CTU_56243 | ||
| 008 | 210402s9999 xx 000 0 und d | ||
| 082 | |a 004.6 | ||
| 082 | |b H371 | ||
| 100 | |a J. Scott Haugdahl | ||
| 245 | 0 | |a Network analysis and troubleshooting | |
| 245 | 0 | |c J. Scott Haugdahl | |
| 260 | |a Reading, MA | ||
| 260 | |b Addison-Wesley | ||
| 260 | |c 2000 | ||
| 650 | |a computer networks,computer networks | ||
| 650 | |x maintenance and repair,management | ||
| 980 | |a Trung tâm Học liệu Trường Đại học Cần Thơ | ||